| 000 | 01633nam a2200349 c 4500 | ||
|---|---|---|---|
| 999 |
_c115367 _d115367 |
||
| 003 | BLK | ||
| 005 | 20221107161106.0 | ||
| 008 | 180409b bul|||||r ||||||| ||bul|| | ||
| 010 | _aKNG00120848000 | ||
| 040 | _aBLK | ||
| 041 |
_aBUL _cBUL |
||
| 080 |
_aЖивопис _b75 _x(450) _z75(450) |
||
| 100 | 1 |
_aЛогу, Джузепе Де _eпърви автор _989351 |
|
| 139 |
_aЛогу, Джузепе Де и др. _bЛ 76 |
||
| 245 | 1 | 0 |
_aЗлатните векове на венецианската живопис _bМонография _cДжузепе Де Логу; съавт. Марио Абис; прев. от итал. Никола Георгиев. |
| 257 | _aITA | ||
| 260 |
_aСофия _bБълг. художник _c1977 |
||
| 300 |
_a52 с. _b 47 л. репрод. _c23 см |
||
| 380 | _a7 | ||
| 500 | _aОриг. загл. I Secoli d`oro prittura veneziana / Д. Де Логу, М. Абис Съвместно изд. на изд. Корвина - Будапеща и изд. Бълг. художник - София ; Библиогр. с. 47-48. | ||
| 650 | 4 |
_aЖивопис - Италия _9278177 |
|
| 653 | _aИталия | ||
| 653 | _aВенеция | ||
| 653 | _aживопис | ||
| 700 | 1 |
_aАбис, Марио _eсъавт. _929057 |
|
| 700 | 1 |
_aГеоргиев, Никола _eпрев. от итал. _gАндреев, Никола Георгиев _9364530 |
|
| 852 | _aЦб 89836 | ||
| 856 | 4 |
_qpdf _i0.00 _ldisable |
|
| 856 | 4 |
_qpdf _i0.00 _ldisable |
|
| 942 |
_cKNG _n0 _s1 |
||
| 944 |
_aCR _c17.01.2011 _lдобави в АБ / 14.01.2011 _kНаталия_Любомирова |
||
| 944 |
_aED _c13.08.2015 _lдобави в АБ / 14.01.2011 _kМилена_Ачева |
||
| 944 |
_aED _c2022-11-07 _kХристина Везирева |
||
| 999 | _d115367 | ||